LEADER 03230nam 22004813a 450 001 9910815163603321 005 20240403070640.0 010 $a80-246-4539-4 010 $a80-246-4519-X 035 $a(CKB)4100000012026222 035 $a(MiAaPQ)EBC6725936 035 $a(Au-PeEL)EBL6725936 035 $a(OCoLC)1273973336 035 $a(EXLCZ)994100000012026222 100 $a20211214d2021 uy 0 101 0 $aeng 135 $aurcnu|||||||| 181 $ctxt$2rdacontent 182 $cc$2rdamedia 183 $acr$2rdacarrier 200 10$aConfronting totalitarian minds $eJan Patoc?ka on politics and dissidence /$fAspen E. Brinton 210 1$aPrague :$cKarolinum Press,$d2021. 210 4$d©2021. 215 $a1 online resource (299 pages) 311 $a80-246-4537-8 327 $aCover -- Table of Contents -- Acknowledgments -- Preface -- Introduction -- Chapter One Living in Truth: in Conversation with Václav Havel -- Chapter Two Care of the Soul: in Conversation with Dietrich Bonhoeffer -- Chapter Three Confrontation as Polemos: in Conversation with Mahatma Gandhi -- Chapter Four Solidarity of the Shaken: in Conversation with Atomic Activism -- Chapter Five Shipwrecked Existence: in Conversation with Environmental Acitivism -- Epilogue: Political Distress and Underground Books -- Bibliography -- Index. 330 8 $aThe Czech philosopher Jan Patocka not only witnessed some of the most turbulent politics of twentieth-century Central Europe, but shaped his philosophy in response to that tumult. One of the last students of Edmund Husserl and Martin Heidegger, he inspired Václav Havel and other dissidents who confronted the Communist regime before 1989, as well as being actively involved in authoring and enacting Charter 77._x000D__x000D_He died in 1977 from medical complications resulting from interrogations of the secret police. Confronting Totalitarian Minds examines his legacy along with several contemporary applications of his ideas about dissidence, solidarity, and the human being's existential confrontation with unjust politics. Expanding the current possibilities of comparative political theory, the author puts Patocka's ideas about dissidence, citizen mobilization, and civic responsibility into conversation with notable world historical figures like Mahatma Gandhi, Vaclav Havel, Dietrich Bonhoeffer, and other contemporary activists. In adding a fresh voice to contemporary conversations on transcending injustice, Confronting Totalitarian Minds seeks to educate a wider audience about this philosopher's continued relevance to political dissidents across the world.--$cProvided by publisher. 606 $aDissenters 606 $aOpposition (Political science)$xPhilosophy 606 $aTotalitarianism 606 $aProtest movements$xPhilosophy 615 0$aDissenters. 615 0$aOpposition (Political science)$xPhilosophy. 615 0$aTotalitarianism. 615 0$aProtest movements$xPhilosophy. 700 $aBrinton$b Aspen$f1977-$01649205 801 0$bMiAaPQ 801 1$bMiAaPQ 801 2$bMiAaPQ 906 $aBOOK 912 $a9910815163603321 996 $aConfronting totalitarian minds$93997832 997 $aUNINA LEADER 02568nam0 22005053i 450 001 RMG0025343 005 20251003044336.0 010 $a8815061371 020 $aIT$b98-3897 100 $a19971023d1997 ||||0itac50 ba 101 | $aita 102 $ait 181 1$6z01$ai $bxxxe 182 1$6z01$an 183 1$6z01$anc$2RDAcarrier 200 1 $aNuove prospettive per la cooperazione allo sviluppo$ei processi di integrazione economica e politica con i paesi del Mediterraneo$fa cura di Giorgio Barba Navaretti e Riccardo Faini 210 $aBologna$cIl mulino$d[1997] 215 $a271 p.$d22 cm. 225 | $aStudi e ricerche$v397 410 0$1001CFI0001423$12001 $aStudi e ricerche$v397 500 11$aNuove prospettive per la cooperazione allo sviluppo.$3MSE0067985$9455874 676 $a327.17$9RELAZIONI INTERNAZIONALI. COOPERAZIONE INTERNAZIONALE$v20 676 $a327.172$9RELAZIONI INTERNAZIONALI. PROMOZIONE DELLA PACE E DELL'ORDINE INTERNAZIONALE$v21 676 $a337.11822$9COOPERAZIONE ECONOMICA NELLE REGIONI MEDITERRANEE$v19 676 $a337.1822$9COOPERAZIONE ECONOMICA MULTILATERALE. REGIONE MEDITERRANEA.$v21 676 $a338.90091822$9SVILUPPO ECONOMICO. Regione mediterranea$v22 676 $a338.91$9$v12 686 $a51.0$cRELAZIONI INTERNAZIONALI 1989-2001$2R 686 $a517.0$cENTI DI COOPERAZIONE INTERNAZIONALE 1989-2001$2R 686 $a5171.2$cEUROPA UNITA CEE 1989-2001$2R 686 $a53.5$cAIUTI AL TERZO MONDO 1989-2001$2R 686 $a530.0$cSTORIA ECONOMICA E SOCIALE 1989-2001$2R 686 $a531.0$cSVILUPPO ECONOMICO 1989-2001$2R 686 $aIT/5422.6$cPOLITICA ECONOMICA ITALIA 1989-2001$2R 702 1$aFaini$b, Riccardo$3CFIV069611 702 1$aBarba Navaretti$b, Giorgio$3TO0V026825 801 3$aIT$bIT-000000$c19971023 850 $aIT-BN0095 $aIT-NA0452 901 $bNAP IS$cISFSE $nSezione di materie economiche e sociali dell' ex Istituto sulle strutture finanziarie e lo sviluppo economico 901 $bNAP 01$cPOZZO LIB.$nVi sono collocati fondi di economia, periodici di ingegneria e scienze, periodici di economia e statistica e altri fondi comprendenti documenti di economia pervenuti in dono. 912 $aRMG0025343 950 0$aBiblioteca Centralizzata di Ateneo$c1 v.$d 01POZZO LIB.ECON MON 3805$e 0101 0000233455E VMA v. 1$fB $h20210324$i20210324 977 $a 01$a IS 996 $aNuove prospettive per la cooperazione allo sviluppo$9455874 997 $aUNISANNIO